Linia Kolejowa 220 - Statystyki

Ogólne statystyki
  • Ten quiz został rozwiązany 10 razy
  • Średni wynik to 12 z 21
Statystyki odpowiedzi
Rodzaj Nazwa % Poprawnych
Stacja Olsztyn Główny
100%
Przystanek Olsztyn Śródmieście
83%
Stacja Olsztyn Zachodni
83%
Stacja Morąg
67%
Stacja Olsztyn Gutkowo
67%
Przystanek Olsztyn Jezioro Ukiel
67%
Przystanek Olsztyn Likusy
67%
Przystanek Olsztyn Redykajny
67%
Stacja Pasłęk
67%
Stacja Bogaczewo
50%
Stacja Gamerki Wielkie
50%
Przystanek Jonkowo
50%
Stacja Małdyty
50%
Przystanek Morąg Kolonia
50%
Przystanek Wołowno
50%
Stacja Żabi Róg
50%
Przystanek Dobrocin
33%
Przystanek Godki
33%
Przystanek Kozia Góra
33%
Przystanek Nowa Wieś Cierpkie
33%
Przystanek Zielonka Pasłęcka
33%
Nie znaleziono quizów pasujących do podanych kryteriów
Rozkład punktacji
Procent ludzi z każdym wynikiem
Percentyl według liczby udzielonych odpowiedzi
Twoja historia wyników
Nie rozwiązałeś tego quizu